[Event "EU-ch 4th"]
[Site "Istanbul"]
[Date "2003.06.11"]
[Round "11"]
[White "Kulaots, Kaido"]
[Black "Smirnov, Pavel"]
[Result "0-1"]
[WhiteElo "2514"]
[BlackElo "2615"]
[Annotator "Rogozenco,D"]
[PlyCount "178"]
[EventDate "2003.05.30"]
[EventType "swiss"]
[EventRounds "13"]
[EventCountry "TUR"]
[SourceTitle "CBM 096"]
[Source "ChessBase"]
[SourceDate "2003.09.25"]
[SourceVersion "1"]
[SourceVersionDate "2003.09.25"]
[SourceQuality "1"]

1. e4 c5 2. Nf3 Nc6 3. d4 cxd4 4. Nxd4 Nf6 5. Nc3 e5 6. Ndb5 d6 7. Bg5 a6 8.
Na3 b5 9. Bxf6 gxf6 10. Nd5 f5 11. Bd3 Be6 12. Qh5 Rg8 13. g3 Nd4 {The
sharpest continuation, which amazingly, often leads to an equal endgame, like
in the present game.} 14. c3 fxe4 15. Bxe4 Bg4 16. Qxh7 Rg7 17. Qh6 Nf3+ 18.
Ke2 (18. Kf1 Rg5 (18... Rg6 $5) 19. Nf6+ Ke7 $1 {the practice confirmed that
Black's chances are not worse in this messy position.}) 18... Ng5+ 19. f3 (19.
Kd3 $2 Nxe4 20. Kxe4 Bf5+ $1 21. Kxf5 (21. Ke3 Rxg3+ 22. hxg3 Bxh6+ 23. Rxh6
Qg5+ $19) 21... Qc8+ 22. Ke4 Rg4+ $19 {[%cal Gf8h6]}) 19... Nxe4 20. fxg4 Qc8
21. Qe3 Qxg4+ 22. Qf3 Qxf3+ 23. Kxf3 f5 24. Nc2 {White must bring the knight
into the game quick. The arising endgame is about equal. For the moment White
has a better control over square d5 and he intends to start activity on the
queenside with the help of a2-a4. His king is active, rooks can quickly join
the battle as well. But with those central pawns, Black's position contains
some hidden potential and although he still needs to be precise in order to
avoid troubles, Black can be optimistic about the future.} Kf7 25. Nce3 Nf6 $1
(25... Ke6 $2 {run into} 26. Nxf5 $1 $16 {1-0 Beliavsky,A-Shirov,A/Groningen
1993 (51)}) 26. Nxf6 (26. a4 Nxd5 27. Nxd5 Ke6 28. Rhd1 Raa7 29. b4 Rgb7 30.
Ra2 {1/2-1/2 Tommasi,P-Panicali,F/SEMI email 1999}) 26... Kxf6 27. a4 (27. g4
$2 fxg4+ 28. Nxg4+ Ke6 $17 {[%csl Rf3]}) 27... Rb7 (27... bxa4 28. Rxa4 Rb7 29.
b4 Rc8 $13) 28. b4 {Attractive move, but it weakens the c-pawn. In spite of
theory's evaluation that White is slightly better, I would prefer Black here.
The point is that White's passed h-pawn plays absolutely no role yet and with
rooks on the board can very easy be rather a weakness. In the center Black is
potentially much stronger and any concrete play on the wings can quickly end
up in Black's favour, who at the right moment will use his central majority.}
Ke6 29. axb5 Rxb5 30. Ra4 Rc8 31. c4 {[%csl Ra6,Rb4,Rc4][%cal Gf8h6]} Rb6 {
As the game shows, White does not have any advantage on the queenside. On the
contrary, he has two weaks pawns, while Black has only one.} 32. Rha1 Rcc6 33.
Ke2 (33. Nd5 Rb8 {[%csl Rc4]} 34. Ne3 Bh6 35. Rxa6 Rxa6 36. Rxa6 Rxb4 $19)
33... Bh6 $17 34. c5 dxc5 35. Nc4 Rxb4 36. Rxa6 Rxa6 37. Rxa6+ Kd5 38. Nxe5
Rb2+ 39. Kd3 Rd2+ 40. Kc3 Rxh2 41. Nc4 {The limited material offers White good
chances to escape into a rook versus rook + bishop endgame.} Rh3 42. Rd6+ Ke4
43. Re6+ Kf3 44. Rg6 Bf8 45. Kc2 Be7 46. Rg7 Bf6 47. Rg6 Bd4 48. Rg5 Rxg3 49.
Rxf5+ Ke2 50. Nd6 Rc3+ 51. Kb1 c4 52. Rh5 (52. Nxc4 {The first moment to enter
into a theoretical draw. White must have hoped to avoid such an endgame, in
which Black's practical chances to win are similar with White's chances to
draw, unless White would know very precise how to hold a draw. From personal
experience I can say that remembering concrete variations and positions in
such endgames is a difficult task for anybody.}) 52... Kd3 53. Nf5 Rb3+ 54. Kc1
Bb2+ 55. Kd1 Ba3 56. Rh3+ Ke4 57. Ng3+ Kd5 58. Rh5+ Kc6 59. Ne4 Rb2 60. Rf5 Bb4
61. Rf2 Rb3 62. Nd2 Rd3 63. Kc2 Kb5 64. Rf5+ Ka4 65. Nxc4 Rc3+ 66. Kd1 Rxc4 {
The inevitable happened.} 67. Ke2 Kb3 68. Rd5 Kc2 69. Rd8 Re4+ 70. Kf3 Re7 71.
Rd5 Kc3 72. Rd8 Bc5 73. Rd1 Bd4 74. Kf4 Re3 75. Kf5 Kc4 76. Kf4 Kd5 77. Rd2 Re8
78. Ra2 Rf8+ 79. Kg3 Ke4 80. Ra4 Rg8+ 81. Kh2 Ke3 82. Ra5 Kf3 83. Rf5+ Ke4 {
Black succeeded something, but even here the position is draw. Both 84.Rf1 and
84.Rf7 make draw. However, under tournament circumstances with limited time
and without clear knowledge of the position here I would say that Black's
chances to win are more than 90%.} 84. Ra5 $2 {Now Black's final execution
will be perfect:} (84. Rf7 Be5+ 85. Kh3 Bf4 86. Kh4 Kf3 87. Rh7 Rg5 (87... Rg1
88. Kh5 $11) 88. Rf7 Ra5 (88... Rg6 89. Rh7) 89. Rg7 Ra6 90. Rh7 $11) (84. Rf1
$11) 84... Be3 $19 85. Rh5 Bf4+ 86. Kh1 Kf3 87. Rh3+ Bg3 88. Rh7 Re8 89. Rf7+
Bf4 0-1

[Event "EU-ch 4th"]
[Site "Istanbul"]
[Date "2003.06.05"]
[Round "6"]
[White "Motylev, Alexander"]
[Black "Tzermiadianos, Andreas"]
[Result "1-0"]
[WhiteElo "2634"]
[BlackElo "2428"]
[Annotator "Rogozenco,D"]
[PlyCount "65"]
[EventDate "2003.05.30"]
[EventType "swiss"]
[EventRounds "13"]
[EventCountry "TUR"]
[SourceTitle "CBM 096"]
[Source "ChessBase"]
[SourceDate "2003.09.25"]
[SourceVersion "1"]
[SourceVersionDate "2003.09.25"]
[SourceQuality "1"]

1. e4 c5 2. Nf3 Nc6 3. d4 cxd4 4. Nxd4 Nf6 5. Nc3 e5 6. Ndb5 d6 7. Bg5 a6 8.
Na3 b5 9. Bxf6 gxf6 10. Nd5 f5 11. Bd3 Be6 12. Qh5 {The theory of variation 11.
Bd3 Be6 can be devided in two big parts. One is 12.0-0 and another one is the
game continuation 12.Qh5. The arising positions differ a lot. There are
periods of time when the positional 12.0-0 can be seen in almost every game of
Sveshnikov Sicilian, but after Dortmund 2002, when Leko found some nice ideas
for Black in that direction, more and more White players return to the "old
and good" continuation 12.Qh5. While 12.0-0 still can be considered the main
line of the last years, the game continuation is gaining a lot of popularity
as well. Obviously, many new ideas were found here too, the present game is
just a confirmation how far some players analyze the opening theory.} Rg8 {
The main reason why 12.Qh5 started to lose popularity more than 20 years ago.}
(12... Bg7 {is a more quiet move, leading to slightly passive positions for
Black.}) 13. g3 {The best. Although it offers Black a lot of options, White is
ready to face all of them. Of course such an approach requires a very good
theoretical knowledge.} Rg4 {After this move introduced by Kramnik back in
1991 (and at that time accompanied with a "!!" mark), the theory of the
variation developed quite a lot in spite of not being the main field of
discussions in Sveshnikov Sicilian. Nowadays any of the exclamation marks can
be replaced with a question mark, because White found precise ways to counter
the rook sortie.} (13... Rg5) (13... Nd4) 14. f4 {This continuation, together
with the next few moves were proved to be the best for either side after 13...
Rg4. Although I am slightly reticent about using such words like "were proved
to be the best" - these days most players use computers and as a result
discover a lot of hidden possibilities in variations where the moves were
considered to be more or less forced - here 14.f4 is clearly strongest.} exf4
15. Nxf4 Rxf4 {Also considered best. With the help of this exchange sacrifice
Black gains time to develop the initiative (besides exf5 White threatened also
Nxe6).} (15... Qa5+ 16. Kd1 O-O-O 17. exf5 Rxf4 18. gxf4 Bd5 19. Rf1 Qb4 20. f6
{[%cal Gh5d5]} Qd4 (20... Ne5 $5) 21. Qf5+ Be6 22. Qe4 Bg4+ 23. Kc1 Qxe4 24.
Bxe4 d5 25. Bd3 Bh6 26. c3 Rd6 27. Kc2 Rxf6 28. Bxh7 Rxf4 29. Rxf4 Bxf4 30. Rf1
Bxh2 31. Rxf7 $18 {1-0 Comp Mephisto PC Bord A-De Waard,J/The Hague 1995 (39)})
16. gxf4 Qa5+ 17. Kd1 $1 {Undoubtly Motylev analyzed this position deeply,
since the next part looks very convincing, especially impressive is his 22nd
move. I don't exclude the possibility that Black is in trouble after this move,
which makes the whole variation 13...Rg4 doubtful (unless the direct 15...Qa5
will turn out to be stronger).} (17. c3 b4 $13) ({After} 17. Kf1 Qb4 {unlike
in the game White cannot take on f5 because of ...Qxf4 check, when Black is
very okay.}) 17... Qb4 (17... fxe4 {is another critical continuation:} 18. Bxe4
d5 19. Bd3 (19. Bf5 Qb4 20. Bxe6 Qd4+ 21. Kc1 Qe3+ 22. Kb1 Qxe6 $44 {0-1
Goyvaerts,P-Grasso,G/Latin Am-Cup5 sf09 corr 1995(42)}) 19... Qb4 20. f5 Bd7 $5
(20... Qxb2 21. Rb1 Qxa3 22. fxe6 O-O-O 23. exf7 Qxa2 24. Ke2 Kb7 25. Kf2 Qa4
26. Kg2 Qd4 27. Rhf1 Rd6 28. Rbe1 Rh6 29. Qg5 Nb4 30. Qe7+ $1 {1-0 Aagaard,
J-Dub,Z/Budapest 2003}) 21. Qe2+ (21. Re1+ Be7 $13 22. f6 $4 Bg4+ $19) (21. Rb1
O-O-O $44) 21... Be7 (21... Qe7 $6 22. f6 $16) 22. c3 {this messy position
requires deeper analysis. White is an exchange up and probably with a very
precise play has a better position, although Black might have reasonable
compensation.}) 18. exf5 Bd5 19. Re1+ Kd7 (19... Be7 20. f6 $18) 20. f6 Ne5
$146 {In fact only this move is a novelty. However, the position has been
practically unexpored, not counting two little-known correspondence games.} (
20... Qxb2 21. Qxd5 (21. Rb1 Qd4) 21... Qxa1+ 22. Kd2 Qxf6 23. Be4 Qxf4+ 24.
Kd1 Rb8 {what else?} (24... Rc8 25. Qf5+ Qxf5 26. Bxf5+ Kd8 27. Bxc8 Kxc8 28.
Re8+ $18) (24... Re8 25. Qxc6+ Kd8 26. Qb6+ $18) (24... Ne5 25. Qb7+ Ke6 26.
Qxa8 Bh6 27. Qc8+ Kf6 28. Nb1 $1 $16 {1-0 Horvat,M-Gouat,Y/ICCF Email 1998 (32)
}) 25. Qxc6+ Kd8 26. Bf3 $16 {/+-}) (20... Qd4 21. Nb1 $5 Nb4 22. Nd2 Nxd3 23.
cxd3 Rc8 24. Qf5+ Be6 25. Rxe6 fxe6 26. Qxh7+ Kd8 27. Qf7 Qg1+ 28. Ke2 Qxh2+
29. Ke3 Qh6 30. Nf3 e5 31. Ng5 exf4+ 32. Kd4 {1-0 Zerfass,H-Mattheus,I/corr
1998}) 21. fxe5 Qxb2 22. Rc1 $1 {This is very deep. Although 22.Rb1 or even 22.
Ke2 are possible, White foresaw that the rook will be active soon on c1.} Qxa3
23. e6+ $1 {White's play is very impressive. This is the quickest way to
create a strong attack.} fxe6 ({After} 23... Bxe6 {White has a pleasant choice:
} 24. Rxe6 {Probably this move would have been played.} (24. Bf5 Bxf5 25. Qxf5+
Kc6 26. c4 Kb6 27. Rc2 $16) 24... fxe6 25. Qf7+ Kc6 26. Be4+ d5 27. Qxe6+ Kc7
28. Bxd5 $16 {/+-}) 24. Qxh7+ Kc6 25. c4 $1 $18 {Now the idea of 22.Rc1
becomes clear. White's attack is decisive.} Bf3+ (25... bxc4 26. Bxc4 Bxc4 27.
Rxc4+ Kb5 28. Rc2 $18) 26. Kd2 Ra7 {Desperation in a hopeless position.} (26...
b4 27. Re3 $18 {[%cal Gd3e4]} ({even} 27. Ke3 {wins} Bg2 28. Kf2 {[%cal Gd3e4]}
)) (26... Kb6 27. c5+ dxc5 28. Rxe6+ Bc6 29. Rxc6+ Kxc6 30. Be4+ $18) 27. Qxa7
Bh6+ 28. Re3 Qa5+ 29. Rc3 {White has enough extra material to defend.} b4 (
29... Qxa2+ 30. Bc2 $18) 30. Rb3 Bg2 31. Qa8+ Kc7 32. Qxg2 Qe5 33. Qf2 {
No more pieces to sacrifice, so Black gave up.} 1-0

[Event "EU-Cup 22nd"]
[Site "Fuegen"]
[Date "2006.10.09"]
[Round "2.4"]
[White "Volkmann, Friedrich Karl"]
[Black "Nedev, Trajce"]
[Result "1/2-1/2"]
[WhiteElo "2416"]
[BlackElo "2518"]
[Annotator "Rogozenco,D"]
[PlyCount "74"]
[EventDate "2006.10.08"]
[EventType "team-swiss"]
[EventRounds "7"]
[EventCountry "AUT"]
[SourceTitle "CBM 115"]
[Source "ChessBase"]
[SourceDate "2006.11.15"]
[SourceVersion "1"]
[SourceVersionDate "2006.11.15"]
[SourceQuality "1"]
[WhiteTeam "Wulkaprodersdorf"]
[BlackTeam "Skopje"]
[WhiteTeamCountry "AUT"]
[BlackTeamCountry "MKD"]

1. e4 c5 2. Nf3 Nc6 3. d4 cxd4 4. Nxd4 Nf6 5. Nc3 e5 6. Ndb5 d6 7. Bg5 a6 8.
Na3 b5 9. Nd5 Be7 10. Nxe7 Nxe7 11. Bxf6 gxf6 12. c4 f5 13. exf5 Nxf5 14. cxb5
O-O 15. Bd3 (15. bxa6 Bxa6 $11) 15... e4 $1 $146 {[%mdl 8] This novelty
enables Black to fight for advantage.} (15... Nh4 16. Be4 (16. g3 $2 Qa5+ 17.
Kf1 Bh3+ 18. Kg1 Qe1+ $1 {0-1 Wittenberg,R-Hilgendorff,J/Germany 1993}) 16...
Rb8 17. O-O axb5 18. Nc2 $11) 16. Bxe4 ({More cautious is} 16. Be2 {although
after} d5 (16... Nh4 $5 17. O-O (17. g3 $2 Ng2+ 18. Kf1 Bh3 19. Kg1 Nf4 $17 20.
gxf4 $140 Kh8 21. Qd4+ f6 22. f3 e3 23. Qxe3 Re8 $19) 17... d5 $44) 17. O-O d4
{Black has a wonderful compensation for the pawn.}) 16... Qe7 17. f3 (17. Qe2
$2 Re8 18. f3 d5 $19) (17. Qd5 Re8 18. f3 (18. Qxa8 $2 Bb7 19. Qxe8+ Qxe8 $19)
18... Be6 19. Qd2 d5 20. Bxf5 Bxf5+ 21. Kf1 (21. Kf2 $2 Qc5+ $40) 21... Qf6 $44
) 17... d5 $1 18. Qxd5 Rd8 19. Qxd8+ (19. Qxa8 Qb4+ 20. Kf1 (20. Kf2 Rd2+ $19)
20... Ne3+ 21. Kg1 Qd4 22. Bxh7+ Kxh7 (22... Kh8 $2 23. Qe4 Qd2) 23. Qe4+ Qxe4
24. fxe4 Rd2 {with inevitable mate.}) 19... Qxd8 20. Bxa8 Qe7+ {The queen is
stronger here than the rooks and in spite of White's material advantage
Black's prospects are preferable. Together with the knight the queen will
always create unpleasant threats and harass the white king.} 21. Be4 (21. Kd1
Ne3+ (21... axb5 $15) 22. Kd2 Qg5 $36) 21... Qb4+ 22. Ke2 Qxb2+ 23. Nc2 Nd4+
24. Kd2 Nxb5 25. a4 Qc3+ ({After} 25... Nc3 $1 {White is paralyzed:} 26. Bd3 (
26. Rhe1 Be6 27. a5 Bb3 28. Bd3 Nd5 $19) 26... Be6 27. a5 Bb3 28. Rac1 Na2 {
and White is unable to defend}) 26. Ke2 Nd6 27. Ra3 Qb2 28. Rd1 $1 {A very
strong move, most likely missed by Black. White consolidates with tempo.} (28.
Bd3 Nf5 $17) 28... Nxe4 (28... Qe5 29. Ne3 Qb2+ 30. Nc2 $11) 29. Rd8+ Kg7 30.
Rxc8 Nd6 31. Rc5 Nb7 32. Rc8 $2 {A dangerous desire to repeat the position.
White should have better placed the rool on a protected square.} (32. Rcc3 $1
$14 {Here all white pieces protect each other and White has nothing to fear.})
32... Qe5+ 33. Ne3 (33. Kf1 $142 Nc5 34. Ne1 $11) 33... Nc5 $1 (33... Qxh2 $2
34. Rb3 Na5 35. Rb6 $18 {[%csl Ra5,Rg7][%cal Ge3f5]}) 34. Kd2 Qd6+ {Probably
due to the time trouble Nedev decided to repeat the position.} ({Black could
try to use the lack of coordination between white pieces with} 34... Qb2+ 35.
Nc2 Nb3+ 36. Kd3 (36. Kd1 $2 Qc1+ 37. Ke2 Nd4+ 38. Nxd4 Qxc8 $17) 36... Qe5 $1
{[%cal Ge5f5] and White still had to play for the draw.} 37. Rc4 (37. Rc3 $2
Qd6+ 38. Ke4 (38. Ke3 Qd2+ $19) 38... f5+ 39. Kxf5 Qf6+ $19) (37. Rxb3 Qf5+ 38.
Ke2 Qxc8 $15) 37... Nc1+ 38. Kd2 Qe2+ 39. Kc3 Qd3+ 40. Kb4 a5+ 41. Kc5 ({or} 
41. Kb5 Nb3 42. Rxb3 Qxb3+ 43. Kc5) 41... Nb3+ 42. Rxb3 Qxb3 43. Nd4 Qb2 44. g4
Qxh2 $15) 35. Ke2 Qe5 36. Kd2 Qd6+ 37. Ke2 Qe5 1/2-1/2

[Event "RUS-ch 53rd"]
[Site "Samara"]
[Date "2000.06.20"]
[Round "4"]
[White "Smikovski, Ivan"]
[Black "Shariyazdanov, Andrey"]
[Result "1-0"]
[WhiteElo "2492"]
[BlackElo "2612"]
[Annotator "Rogozenco,D"]
[PlyCount "51"]
[EventDate "2000.06.03"]
[EventType "swiss"]
[EventRounds "11"]
[EventCountry "RUS"]
[SourceTitle "CBM 078"]
[Source "ChessBase"]
[SourceDate "2000.10.18"]
[SourceVersion "1"]
[SourceVersionDate "2000.10.18"]
[SourceQuality "1"]

1. e4 c5 2. Nf3 Nc6 3. d4 cxd4 4. Nxd4 Nf6 5. Nc3 e5 6. Ndb5 d6 7. Bg5 a6 8.
Na3 b5 9. Bxf6 gxf6 10. Nd5 f5 11. Bd3 Be6 12. O-O Bxd5 13. exd5 Ne7 14. c3 Bg7
15. Qh5 e4 16. Bc2 Qc8 17. Rae1 O-O 18. Kh1 {Best move which prepares 19.f3.
The position is more dangerous for Black as it may look at the first glance.
See the game Van Blitterswijk,S-De Vreugt,D/Arnhem 1996 after 18.f3. White's
attack on the kingside should not be underestimated and the fact that
Shariyazdanov (who plays this line constantly) lost so quick only shows the
necessity for Sveshnikov players to analyse the position deeper.} (18. f3 b4 $1
19. cxb4 (19. fxe4 bxa3 20. exf5 Qc5+ 21. Kh1 Nxd5 22. Qh3 Rae8 23. Rd1 Nf6 24.
b4 Qe3 25. Qxe3 Rxe3 26. Rxd6 Rxc3 27. Bb3 Ne4 28. Rd7 Rxb3 {0-1 Bromann,
T-Nielsen,M/Ringsted 1998}) 19... Bxb2 20. fxe4 Bxa3 21. Re3 (21. exf5 Qxc2 22.
Rxe7 (22. f6 Nxd5 $19) 22... Bb2 $19) 21... Bb2 (21... Qxc2 $142) 22. Rh3 Rd8
23. Qxh7+ Kf8 24. Bb3 $44 Bd4+ (24... Ng8 $6 25. Rhf3 (25. Rg3 Nf6 26. Qh6+ Ke7
27. exf5 Be5 $17) 25... Nf6 26. Qh4 Ke7 27. e5 $1 Bxe5 28. Rxf5 $18 {[%csl Re5,
Rf6][%cal Gf5e5]}) 25. Kh1 Ng8 $6 26. Rd3 $1 Be5 27. Rxf5 Nf6 28. Qh6+ Ke7 29.
Rdf3 {[%csl Re5,Rf6][%cal Gf5e5]} Ra7 30. Rxe5+ dxe5 31. Qxf6+ Kf8 32. Qh6+ Ke7
33. d6+ {1-0 Van Blitterswijk,S-De Vreugt,D/Arnhem 1996}) (18. g4 b4 19. cxb4
Bxb2 20. Qg5+ Ng6 21. gxf5 Bxa3 22. fxg6 fxg6 23. Bxe4 Rf7 24. Bd3 Qc3 25. Re3
Qxb4 26. Rg3 Bb2 27. Rg4 {1/2-1/2 Sax,G-Jelen,I/Medulin 1997}) (18. Bb1 Ng6 19.
f3 Bxc3 20. bxc3 Qc5+ 21. Kh1 Qxa3 22. Qxf5 {1/2-1/2 Sax,G-Anka,E/HUN 1999})
18... Re8 {Although Black was doing fine after this move, the present game
will change the evaluation of it.} (18... Ng6 {Krasenkow's move is definetely
the best way for Black in this complicated position.} 19. Bb1 b4 20. cxb4 Bxb2
21. Nc2 Bc3 22. Re2 (22. Rc1 Bb2 23. Rce1 Bc3 24. Rc1 Bb2 {1/2-1/2 Galkin,
A-Krasenkow,M/Saint Vincent ITA 2000}) 22... Bg7 23. f4 exf3 24. Qxf3 f4 25.
Ne1 Qc4 $11 {1/2-1/2 Leko,P-Krasenkow,M/Batumi 1999 (74)}) 19. f3 $1 (19. Bb3
Ng6 {1/2-1/2 Palac,M-Shariyazdanov,A/Zadar 1998}) 19... b4 20. cxb4 $1 $146 {
[%mdl 8]} (20. Nb1 bxc3 21. Nxc3 Ng6 22. fxe4 Bxc3 23. bxc3 Qxc3 24. Rc1 f4 25.
Ba4 Qe5 26. Qxe5 Rxe5 $44 {1/2-1/2 Reinderman,D-Wiersma,E/Hengelo NED 2000 (44)
}) 20... Bxb2 21. fxe4 (21. Ba4 Bxa3 22. fxe4 {-game.}) 21... Bxa3 22. Ba4 $1
$18 {This strong move prepares exf5. After the opening of the e-file will be
clear that White is winning.} Bxb4 (22... f4 23. Rxf4 Ng6 24. Rxf7 $1 Kxf7 25.
Qxh7+ Kf6 26. Rf1+ Ke5 27. Qg7+ Kxe4 28. Qxg6+ Kd4 29. Rf4+ Ke3 30. Qg3+ {
and the outcome of this trip is not difficult to guess.}) 23. Rc1 Bc5 (23...
Qb7 24. Bxe8 Rxe8 25. Rb1 $18 {wins material.}) 24. exf5 (24. Rc3 $18) 24...
Kh8 (24... f6 25. Rce1 $1 $18 {[%cal Re1e4,Re4h4] and there is no defence
against the coming attack.} (25. Rc3 Nxd5 26. Bb3 Ra7 27. Bxd5+ Kh8 28. Rg3 $16
)) 25. Qxf7 Ng8 26. f6 1-0

[Event "RUS-ch 53rd"]
[Site "Samara"]
[Date "2000.06.21"]
[Round "5"]
[White "Bezgodov, Alexei"]
[Black "Tolstikh, Nikolay"]
[Result "1-0"]
[WhiteElo "2576"]
[BlackElo "2419"]
[Annotator "Rogozenco,D"]
[PlyCount "160"]
[EventDate "2000.06.03"]
[EventType "swiss"]
[EventRounds "11"]
[EventCountry "RUS"]
[SourceTitle "CBM 078"]
[Source "ChessBase"]
[SourceDate "2000.10.18"]
[SourceVersion "1"]
[SourceVersionDate "2000.10.18"]
[SourceQuality "1"]

1. e4 c5 2. Nf3 Nc6 3. d4 cxd4 4. Nxd4 Nf6 5. Nc3 e5 6. Ndb5 d6 7. Bg5 a6 8.
Na3 b5 9. Bxf6 gxf6 10. Nd5 f5 11. Bd3 Be6 12. Qh5 Rg8 13. g3 Rg5 14. Qd1 {
This retreat is better than taking the pawn on h7, after which Black has a
very reach play due to uncomfortable position of the Queen on h7. Here is one
of the last examples:} (14. Qxh7 Rc8 15. c3 Rg6 16. Qh5 fxe4 17. Bxe4 Bg4 18.
Qh4 Qxh4 19. gxh4 Rh6 20. Nc2 Be6 21. Nce3 Rxh4 22. f3 Bh6 23. Nf5 Bxf5 24.
Bxf5 Rb8 25. Be4 Kd7 26. Bf5+ Kd8 27. Rd1 Ne7 28. Be4 Nxd5 29. Rxd5 Ke7 $17 {
0-1 Santo Roman Marc (FRA)-Handke Florian (GER)/Montpellier/1999 (40)}) 14...
Bxd5 (14... Rc8 15. c3 $14) (14... Rg4 $6 15. f3 Rg8 16. Qd2 Rc8 17. c3 h5 18.
Nc2 h4 19. a4 Na5 20. Qe2 Bh6 21. axb5 Kf8 22. bxa6 $18 {1-0 Vallejo Pons,
F-Moreno,J/Cala Galdana 1999 (36)}) 15. exd5 Ne7 16. c3 e4 (16... Bg7 17. h4
Rg6 18. h5 $14) (16... Qb6 $5) 17. f4 Rg8 {Probably better than Rg6 although
the difference should not change the evaluation of the position as slightly
better for White.} (17... Rg6 18. Be2 Qb6 19. Qd2 b4 20. cxb4 e3 21. Qc2 Qxb4+
22. Kf1 Bg7 23. Nc4 $14 {1/2-1/2 Bezgodov,A-Smirnov,P/Samara 2000 (88)}) 18.
Be2 Qb6 19. Nc2 Bg7 20. Qd2 Bf6 21. a3 Kf8 22. Kf1 $14 {White has a slight,
but lasting advantage. While Black is limited in his possibilities for active
play, it is easier for White to maneuver, giving the fact that he has more
active possibilities: g4 on the kingside and several on the queenside (a4 and
c4, or even first b4, then a4 or c4).} Kg7 23. Kg2 Rgc8 24. Rhg1 a5 25. Kh1 Rg8
26. Bh5 Qc5 27. Rad1 Kf8 28. Rg2 Rb8 29. h3 Ng6 30. Qe1 Qc8 31. Qg1 Bd8 32. Be2
Qb7 33. Qd4 Qd7 34. b4 Bb6 35. Qd2 Ne7 36. Nd4 Ba7 37. bxa5 Bc5 38. Nb3 Ba7 39.
c4 bxc4 40. Bxc4 Qa4 41. Qc3 Qxa3 42. a6 Qb4 43. Rc2 Qxc3 44. Rxc3 Kg7 45. Na5
Rb2 46. Rb3 Rxb3 47. Bxb3 Kf6 48. Kg2 Rc8 49. Nb7 Rc3 50. Rb1 Nc8 51. Na5 Bc5
52. Nc6 Rd3 53. Bc4 Rd2+ 54. Kf1 Rc2 55. Be2 Ra2 56. Nb8 Bd4 57. Nd7+ Ke7 58.
Nb8 Kf6 59. g4 Nb6 60. Rxb6 Ra1+ 61. Kg2 Ra2 62. Rxd6+ Kg7 63. Nc6 Bc5 64. Rd8
Rxe2+ 65. Kf1 Rf2+ 66. Ke1 Ra2 67. d6 Ra1+ 68. Kd2 Ra2+ 69. Kd1 Ra1+ 70. Kc2
Rxa6 71. d7 Rxc6 72. Rc8 Rd6 73. d8=Q Rxd8 74. Rxd8 fxg4 75. hxg4 Be3 76. f5
Bg5 77. Re8 e3 78. Kd3 h6 79. Ke2 Kf6 80. Ra8 Ke5 1-0